František Žoldák vystavuje vo Svite

Podrobná bibliografia
Médium: Článok
Jazyk:slovenčina
Predmet:

MARC

LEADER 00000nab a2200000 ar4500
001 vtls008956122
003 SK-MaSNL
005 20260304033331.0
008 070316c2007 xo wr|p|||||||000 b|slo
038 |a PPPK 
040 |a PPPKCL  |b slo  |c PPPK  |e AACR2 
041 0 |a slo 
044 |a xo  |c SK 
080 |a 75.071.1  |2 1997 
080 |a 061.4  |2 1997 
245 0 0 |a František Žoldák vystavuje vo Svite  |c [autor] (lej) 
600 1 7 |a Žoldák, František,  |d 1943-  |2 pppkcl  |9 140276 
611 2 7 |a Maľby 4  |2 pppkcl  |9 1314981 
648 7 |a 2007  |2 pppkcl  |9 313226 
650 0 7 |a výtvarné umenie  |2 pppkcl  |9 723 
650 0 7 |a maliarstvo  |2 pppkcl  |9 812 
650 0 7 |a výstavy  |2 pppkcl  |9 2780 
651 7 |a Svit (Slovensko)  |2 snkbucl  |9 29648 
651 7 |a Poprad (Slovensko : okres)  |2 snkbucl  |9 28675 
651 7 |a Poprad (Slovensko)  |2 snkbucl  |9 20155 
773 0 |t Poprad : noviny občanov mesta  |g Roč. XVIII, č. 5 (2007), s. 3 
852 |a PPPK  |b KIS3GCP 
999 |c 2647764  |d 2649694